000
00321nam a22001337a 4500
008
170529b xxu||||| |||| 00| 0 eng d
020
_a
9781111644475
041
_a
eng
080
_2
7 ED
_a
62
100
_a
27
101
_a
IM
245
_a
REFRIGEARTION AIR CONDITIONING TECHNOLOGY
_c
WHITMAN.B.C
942
_2
udc
_c
BK
999
_c
14735
_d
14735